[Event "Oberliga Ost A 2016 2017"]
[Site "Germany"]
[Date "2017.01.15"]
[Round "5.4"]
[White "Waechter, Nathalie"]
[Black "Escher, Thomas"]
[Result "1/2-1/2"]
[WhiteElo "1974"]
[BlackElo "2181"]
[PlyCount "64"]
[EventDate "2016.10.16"]
[EventType "team-tourn"]
[EventCountry "GER"]
[WhiteTeam "Magdeburg SV Rochade"]
[BlackTeam "Coswig TuS"]
[WhiteTeamCountry "GER"]
[BlackTeamCountry "GER"]

1. d4 d5 2. c4 e6 3. Nc3 Nf6 4. Bg5 Nbd7 5. e3 c6 6. Nf3 Qa5 7. Qc2 Bb4 8. Nd2
O-O 9. Be2 Ne4 10. Ndxe4 dxe4 11. Bh4 e5 12. Rd1 f5 13. O-O exd4 14. Rxd4 Bc5
15. Rdd1 Qc7 16. Bg3 Ne5 17. Na4 Be7 18. b4 Be6 19. c5 Rad8 20. Nb2 Kh8 21. Nc4
Bxc4 22. Bxc4 Bf6 23. Be6 g6 24. Rxd8 Rxd8 25. Rd1 Qe7 26. Bxe5 Bxe5 27. Bc4
Rd7 28. Bb3 Kg7 29. g3 Kh6 30. Rxd7 Qxd7 31. Qc4 Qd2 32. b5 Qc3 1/2-1/2

[Event "Oberliga Ost A 2016 2017"]
[Site "Germany"]
[Date "2017.01.15"]
[Round "5.5"]
[White "Klawa, Patrick"]
[Black "Horvath, Julia"]
[Result "1-0"]
[WhiteElo "2187"]
[BlackElo "2161"]
[PlyCount "85"]
[EventDate "2016.10.16"]
[EventType "team-tourn"]
[EventCountry "GER"]
[WhiteTeam "Coswig TuS"]
[BlackTeam "Magdeburg SV Rochade"]
[WhiteTeamCountry "GER"]
[BlackTeamCountry "GER"]

1. e4 c5 2. Nf3 Nc6 3. g3 e6 4. Bg2 d5 5. exd5 exd5 6. d4 Nf6 7. O-O Be7 8.
dxc5 O-O 9. Nbd2 Bxc5 10. Nb3 Bb6 11. Nbd4 Bg4 12. h3 Bh5 13. g4 Bg6 14. Be3
Be4 15. Qd2 Bc7 16. Rfd1 Nxd4 17. Nxd4 Bxg2 18. Kxg2 Qd6 19. Rh1 a6 20. Nf5 Qd7
21. Rad1 Rad8 22. f3 Rfe8 23. Bd4 Qb5 24. Rhe1 Rxe1 25. Rxe1 Re8 26. b3 Rxe1
27. Qxe1 Qd7 28. Qe7 Qxe7 29. Nxe7+ Kf8 30. Bxf6 gxf6 31. Nxd5 Be5 32. f4 Bb2
33. Kf3 Kg7 34. Ke4 f5+ 35. Kxf5 Bd4 36. c3 Bf2 37. a4 Be1 38. Ke5 Bd2 39. Kd6
Kf8 40. Kc7 b5 41. axb5 axb5 42. Kc6 b4 43. cxb4 1-0

[Event "Oberliga Ost A 2016 2017"]
[Site "Germany"]
[Date "2017.01.15"]
[Round "5.6"]
[White "Kahe, Ralph"]
[Black "Hofmann, Rares"]
[Result "0-1"]
[WhiteElo "2147"]
[BlackElo "2081"]
[PlyCount "102"]
[EventDate "2016.10.16"]
[EventType "team-tourn"]
[EventCountry "GER"]
[WhiteTeam "Magdeburg SV Rochade"]
[BlackTeam "Coswig TuS"]
[WhiteTeamCountry "GER"]
[BlackTeamCountry "GER"]

1. d4 d5 2. Nf3 Nf6 3. c4 c6 4. Nc3 e6 5. Bg5 dxc4 6. e4 b5 7. e5 h6 8. Bh4 g5
9. Nxg5 hxg5 10. Bxg5 Nbd7 11. g3 Qb6 12. exf6 Bb7 13. Bg2 c5 14. dxc5 Bxc5 15.
Bxb7 Qxb7 16. f3 Ne5 17. Ne4 Rd8 18. Qe2 Bb4+ 19. Kf2 Rd3 20. Rad1 Rxf3+ 21.
Qxf3 Nxf3 22. Kxf3 O-O 23. a3 Ba5 24. Bf4 Rc8 25. Be5 c3 26. b4 c2 27. bxa5
cxd1=Q+ 28. Rxd1 Rc4 29. Rd4 Rxd4 30. Bxd4 Qc7 31. Bc3 Qc4 32. h4 Qb3 33. g4
Qxa3 34. Kf4 b4 35. Bd4 b3 36. Bxa7 b2 37. Nd2 Qxa5 38. Be3 Qxd2 39. Bxd2 b1=Q
40. Be3 Qb2 41. g5 Qh2+ 42. Kg4 Qg2+ 43. Kf4 Qh3 44. Bf2 e5+ 45. Ke4 Qg2+ 46.
Ke3 e4 47. Be1 Qf3+ 48. Kd2 e3+ 49. Kc1 Qf1 50. Kd1 Qd3+ 51. Kc1 e2 0-1

[Event "Oberliga Ost A 2016 2017"]
[Site "Germany"]
[Date "2017.01.15"]
[Round "5.7"]
[White "Poenisch, Eckehard"]
[Black "Pesztericz, Laszlo"]
[Result "1/2-1/2"]
[WhiteElo "2166"]
[BlackElo "2106"]
[PlyCount "39"]
[EventDate "2016.10.16"]
[EventType "team-tourn"]
[EventCountry "GER"]
[WhiteTeam "Coswig TuS"]
[BlackTeam "Magdeburg SV Rochade"]
[WhiteTeamCountry "GER"]
[BlackTeamCountry "GER"]

1. e4 e5 2. Nf3 Nc6 3. d3 Nf6 4. g3 Bc5 5. Bg2 O-O 6. O-O d6 7. c3 a5 8. h3 h6
9. Na3 Bxa3 10. bxa3 Be6 11. Re1 Re8 12. d4 exd4 13. cxd4 d5 14. e5 Ne4 15. Be3
Ne7 16. g4 Ng6 17. Nh2 Nh4 18. Bf1 f5 19. f3 Ng5 20. Bf2 1/2-1/2

[Event "Oberliga Ost A 2016 2017"]
[Site "Germany"]
[Date "2017.01.15"]
[Round "5.8"]
[White "Seibicke, Ralf"]
[Black "Poenisch, Johannes"]
[Result "1-0"]
[WhiteElo "2103"]
[BlackElo "1988"]
[PlyCount "123"]
[EventDate "2016.10.16"]
[EventType "team-tourn"]
[EventCountry "GER"]
[WhiteTeam "Magdeburg SV Rochade"]
[BlackTeam "Coswig TuS"]
[WhiteTeamCountry "GER"]
[BlackTeamCountry "GER"]

1. d4 d5 2. Nf3 Nf6 3. g3 e6 4. Bg2 Nbd7 5. O-O c5 6. c4 dxc4 7. Qa4 Be7 8.
Qxc4 O-O 9. dxc5 Bxc5 10. b4 Be7 11. Nc3 Nb6 12. Qb3 Nfd5 13. Rd1 Qc7 14. Nxd5
Nxd5 15. Bd2 Bd7 16. e4 Nf6 17. Bf4 Qb6 18. Ne5 Rfd8 19. Nxd7 Rxd7 20. Rxd7
Nxd7 21. Rd1 Nf8 22. a3 a5 23. Be3 Qb5 24. Bf1 Qe5 25. b5 a4 26. Qa2 Rc8 27.
Rd4 Ra8 28. Rc4 g5 29. b6 Bd8 30. Qc2 Rb8 31. Rxa4 Nd7 32. Rb4 Be7 33. Rb5 Qd6
34. a4 h6 35. a5 Bd8 36. Be2 Ne5 37. Bc5 Qd7 38. Rb1 Qc6 39. Qc3 Qxe4 40. Re1
Nc6 41. Bd3 Qd5 42. Be4 Qd7 43. Bxc6 Qxc6 44. Qe5 Rc8 45. Bd4 f6 46. Qxe6+ Kg7
47. Qxc6 Rxc6 48. Rb1 Rc4 49. a6 bxa6 50. b7 Bc7 51. Ba7 a5 52. b8=Q Bxb8 53.
Bxb8 a4 54. Bd6 Kf7 55. h3 Ke6 56. Rb6 h5 57. Ra6 Kf5 58. Be7 Ke4 59. Kg2 g4
60. Rxf6 Kd3 61. hxg4 hxg4 62. Rf4 1-0

[Event "Oberliga Ost A 2016 2017"]
[Site "Germany"]
[Date "2017.01.15"]
[Round "5.1"]
[White "Zwahr, Paul"]
[Black "Weitzer, Steffen"]
[Result "1/2-1/2"]
[WhiteElo "2318"]
[BlackElo "2224"]
[PlyCount "83"]
[EventDate "2016.10.16"]
[EventType "team-tourn"]
[EventCountry "GER"]
[WhiteTeam "Dresden SG Gruen Weiss"]
[BlackTeam "Leipzig SG II"]
[WhiteTeamCountry "GER"]
[BlackTeamCountry "GER"]

1. e4 g6 2. d4 Bg7 3. Nc3 d6 4. f4 Nf6 5. Nf3 c5 6. Bb5+ Bd7 7. Bxd7+ Nbxd7 8.
d5 O-O 9. Qe2 e6 10. dxe6 fxe6 11. O-O a6 12. Ng5 Qe7 13. Qc4 Rfe8 14. f5 Nf8
15. fxe6 h6 16. e5 dxe5 17. Nge4 Nxe4 18. Qxe4 Qxe6 19. Qxb7 Rab8 20. Qd5 c4
21. Qe4 Nd7 22. Nd5 Rb5 23. Nc3 Rbb8 24. Be3 Kh7 25. Nd5 Nf6 26. Nxf6+ Bxf6 27.
b3 Rec8 28. Ba7 Rb5 29. bxc4 Rb4 30. Qd5 Qxd5 31. cxd5 Kg7 32. Rf2 Rb7 33. Be3
Be7 34. Rd1 Bd6 35. Rdf1 Rbc7 36. c4 g5 37. h4 gxh4 38. Bxh6+ Kxh6 39. Rf6+ Kg5
40. Rxd6 Rxc4 41. Rxa6 Rd4 42. Rd6 1/2-1/2

[Event "Oberliga Ost A 2016 2017"]
[Site "Germany"]
[Date "2017.01.15"]
[Round "5.2"]
[White "Hentze, Markus"]
[Black "Gehmlich, Marcel"]
[Result "0-1"]
[WhiteElo "2173"]
[BlackElo "2194"]
[PlyCount "130"]
[EventDate "2016.10.16"]
[EventType "team-tourn"]
[EventCountry "GER"]
[WhiteTeam "Leipzig SG II"]
[BlackTeam "Dresden SG Gruen Weiss"]
[WhiteTeamCountry "GER"]
[BlackTeamCountry "GER"]

1. e4 c5 2. Nf3 e6 3. d4 cxd4 4. Nxd4 a6 5. Nc3 Qc7 6. a3 Nf6 7. Be3 Nc6 8. Be2
Be7 9. f4 d6 10. g4 Nxd4 11. Qxd4 e5 12. Qd1 exf4 13. Bxf4 Be6 14. Qd4 Qc5 15.
Qg1 O-O 16. O-O-O Rac8 17. Qxc5 dxc5 18. g5 Nd7 19. Nd5 Bd8 20. c4 f6 21. Rhg1
fxg5 22. Bxg5 Ne5 23. Be7 Rf2 24. Bxd8 Bxd5 25. Bf6 Rxf6 26. Rxd5 Re8 27. Rg5
Nf7 28. Rg2 b6 29. Rf5 Rxf5 30. exf5 Nd6 31. f6 g6 32. Bf3 Kf7 33. Rf2 Nf5 34.
b4 Re3 35. Kb2 Kxf6 36. Bd1 Ke5 37. Re2 Nd4 38. Rf2 Rd3 39. Ba4 b5 40. cxb5
axb5 41. Bc2 Nxc2 42. Rxc2 c4 43. Rg2 Rb3+ 44. Ka2 Rh3 45. Rg5+ Kd4 46. Rg4+
Kc3 47. Rg2 h5 48. a4 Kxb4 49. axb5 Kxb5 50. Rxg6 Rxh2+ 51. Ka3 Rh3+ 52. Kb2 h4
53. Rg8 Rg3 54. Rh8 h3 55. Kc2 Kc5 56. Rh4 Kd5 57. Kd2 c3+ 58. Kc2 Ke5 59. Kb3
Kf5 60. Kc2 Kg5 61. Rh8 Kg4 62. Kd1 Kf3 63. Ke1 Kg2 64. Ra8 h2 65. Ra1 Re3+ 0-1

[Event "Oberliga Ost A 2016 2017"]
[Site "Germany"]
[Date "2017.01.15"]
[Round "5.3"]
[White "Zimmermann, Rene"]
[Black "Braun, Gottfried"]
[Result "1/2-1/2"]
[WhiteElo "2140"]
[BlackElo "2240"]
[PlyCount "129"]
[EventDate "2016.10.16"]
[EventType "team-tourn"]
[EventCountry "GER"]
[WhiteTeam "Dresden SG Gruen Weiss"]
[BlackTeam "Leipzig SG II"]
[WhiteTeamCountry "GER"]
[BlackTeamCountry "GER"]

1. d4 d6 2. Nf3 Nf6 3. g3 Nc6 4. Bg2 e5 5. c4 Be7 6. Nc3 O-O 7. O-O h6 8. h3
Bf5 9. d5 Nb8 10. Nh4 Bh7 11. e4 Nbd7 12. Be3 Ne8 13. Nf5 Bxf5 14. exf5 Bg5 15.
b4 a5 16. a3 Bxe3 17. fxe3 Nef6 18. Nb5 Ne8 19. Kh2 Qe7 20. Qc2 b6 21. Rad1 Qd8
22. Rg1 Ra6 23. Nc3 axb4 24. axb4 Nef6 25. Ra1 Qa8 26. Qb2 Rc8 27. Nb5 e4 28.
Rxa6 Qxa6 29. Ra1 Qb7 30. Ra7 Qb8 31. Qd4 Ne5 32. Bxe4 Nxe4 33. Qxe4 c6 34.
dxc6 Rxc6 35. Qd5 Qd8 36. Rxf7 Nxf7 37. Qxc6 Qe7 38. Qc8+ Qf8 39. Qe6 Qd8 40.
h4 Kf8 41. Nd4 Qa8 42. Qd7 Qa2+ 43. Kh3 Qxc4 44. Ne6+ Kg8 45. Qe8+ Kh7 46. Nf8+
Kg8 47. Nd7+ Kh7 48. Qe6 Qf1+ 49. Kg4 Qe2+ 50. Kf4 Qf1+ 51. Ke4 Qb1+ 52. Kd4
Qxb4+ 53. Qc4 Qd2+ 54. Qd3 Qb4+ 55. Kd5 Ne5 56. Nxe5 Qc5+ 57. Ke6 Qxe5+ 58. Kd7
d5 59. f6+ Kg8 60. fxg7 Kxg7 61. g4 Kf6 62. Qf1+ Kg7 63. Qd3 Kf6 64. Qf1+ Kg7
65. Qd3 1/2-1/2

[Event "Oberliga Ost A 2016 2017"]
[Site "Germany"]
[Date "2017.01.15"]
[Round "5.4"]
[White "Schunk, Thomas"]
[Black "Nake, Matthias"]
[Result "1-0"]
[WhiteElo "2185"]
[BlackElo "2217"]
[PlyCount "35"]
[EventDate "2016.10.16"]
[EventType "team-tourn"]
[EventCountry "GER"]
[WhiteTeam "Leipzig SG II"]
[BlackTeam "Dresden SG Gruen Weiss"]
[WhiteTeamCountry "GER"]
[BlackTeamCountry "GER"]

1. c4 c5 2. Nf3 g6 3. Nc3 Bg7 4. d4 cxd4 5. Nxd4 Nc6 6. Nc2 Nf6 7. e4 O-O 8.
Be2 d6 9. O-O Be6 10. Ne3 Qc8 11. Rb1 Ne5 12. b3 Re8 13. f3 a6 14. Bd2 Rb8 15.
Re1 Bd7 16. Ncd5 Nxd5 17. cxd5 Qd8 18. f4 1-0

[Event "Oberliga Ost A 2016 2017"]
[Site "Germany"]
[Date "2017.01.15"]
[Round "5.5"]
[White "Hutsch, Oliver"]
[Black "Doehn, Raphael"]
[Result "1-0"]
[WhiteElo "2119"]
[BlackElo "2131"]
[PlyCount "53"]
[EventDate "2016.10.16"]
[EventType "team-tourn"]
[EventCountry "GER"]
[WhiteTeam "Dresden SG Gruen Weiss"]
[BlackTeam "Leipzig SG II"]
[WhiteTeamCountry "GER"]
[BlackTeamCountry "GER"]

1. d4 f5 2. c4 e6 3. Nf3 Nf6 4. g3 d5 5. Bg2 c6 6. O-O Bd6 7. Nc3 O-O 8. b3
Nbd7 9. Ne1 dxc4 10. bxc4 e5 11. c5 Bc7 12. d5 Nxc5 13. Ba3 Bb6 14. Na4 Nxa4
15. Qxa4 cxd5 16. Bxf8 Qxf8 17. Rb1 Bd7 18. Bxd5+ Nxd5 19. Qxd7 Nc3 20. Rb2 Qf7
21. Qd3 Ne4 22. e3 Rd8 23. Qe2 Qd5 24. Nf3 Bc5 25. Rc1 b6 26. Qa6 Nxg3 27. Rd2
1-0

[Event "Oberliga Ost A 2016 2017"]
[Site "Germany"]
[Date "2017.01.15"]
[Round "5.6"]
[White "Pietzsch, Manuel"]
[Black "Kunze, Christopher"]
[Result "1/2-1/2"]
[WhiteElo "2107"]
[BlackElo "2085"]
[PlyCount "74"]
[EventDate "2016.10.16"]
[EventType "team-tourn"]
[EventCountry "GER"]
[WhiteTeam "Leipzig SG II"]
[BlackTeam "Dresden SG Gruen Weiss"]
[WhiteTeamCountry "GER"]
[BlackTeamCountry "GER"]

1. e4 c5 2. Nf3 Nc6 3. d4 cxd4 4. Nxd4 Nf6 5. Nc3 e5 6. Ndb5 d6 7. Bg5 a6 8.
Na3 b5 9. Nd5 Be7 10. Bxf6 Bxf6 11. c4 b4 12. Nc2 Rb8 13. b3 Bg5 14. g3 O-O 15.
h4 Bh6 16. Bh3 Bxh3 17. Rxh3 g6 18. g4 a5 19. g5 Bg7 20. Qg4 Qc8 21. Qxc8 Rfxc8
22. O-O-O Rd8 23. h5 Rb7 24. Nce3 h6 25. gxh6 Bxh6 26. hxg6 Bxe3+ 27. fxe3 fxg6
28. Rdh1 Rg7 29. Rh8+ Kf7 30. Rf1+ Ke6 31. Rf6+ Kd7 32. Rh6 Rdg8 33. Kd2 Nd8
34. Rf1 Ke6 35. Rf6+ Kd7 36. Rf2 Kc6 37. Rf6 Kd7 1/2-1/2

[Event "Oberliga Ost A 2016 2017"]
[Site "Germany"]
[Date "2017.01.15"]
[Round "5.7"]
[White "Butscher, Daniel"]
[Black "Limpert, Michael"]
[Result "0-1"]
[WhiteElo "2035"]
[BlackElo "2223"]
[PlyCount "54"]
[EventDate "2016.10.16"]
[EventType "team-tourn"]
[EventCountry "GER"]
[WhiteTeam "Dresden SG Gruen Weiss"]
[BlackTeam "Leipzig SG II"]
[WhiteTeamCountry "GER"]
[BlackTeamCountry "GER"]

1. Nf3 d5 2. c4 c6 3. g3 Nf6 4. Bg2 e6 5. O-O Be7 6. d4 O-O 7. Nbd2 Nbd7 8. Qc2
b6 9. e4 Bb7 10. Rd1 Rc8 11. b3 c5 12. exd5 exd5 13. dxc5 Bxc5 14. Qf5 g6 15.
Qf4 b5 16. Bb2 bxc4 17. bxc4 Qb6 18. Rdb1 Bxf2+ 19. Kf1 Be3 20. Qh4 Qa6 21.
Bxf6 Nxf6 22. Rxb7 dxc4 23. Ne4 c3+ 24. Ke1 Nxe4 25. Qxe4 c2 26. Rbb1 Rfe8 27.
Ne5 Qa5+ 0-1

[Event "Oberliga Ost A 2016 2017"]
[Site "Germany"]
[Date "2017.01.15"]
[Round "5.8"]
[White "Dobierzin, Olaf"]
[Black "Rudolf, Matthias"]
[Result "1/2-1/2"]
[WhiteElo "2006"]
[BlackElo "2069"]
[PlyCount "81"]
[EventDate "2016.10.16"]
[EventType "team-tourn"]
[EventCountry "GER"]
[WhiteTeam "Leipzig SG II"]
[BlackTeam "Dresden SG Gruen Weiss"]
[WhiteTeamCountry "GER"]
[BlackTeamCountry "GER"]

1. e4 e6 2. d4 d5 3. e5 c5 4. c3 Nc6 5. Nf3 Nh6 6. Bxh6 gxh6 7. a3 f6 8. Be2
cxd4 9. cxd4 Bg7 10. Nc3 O-O 11. O-O fxe5 12. dxe5 Nxe5 13. Nxe5 Bxe5 14. Bd3
Qf6 15. Rc1 Bd7 16. Ne2 Rac8 17. Rxc8 Rxc8 18. b4 Be8 19. f4 Bb8 20. Ng3 Kh8
21. Kh1 Bg6 22. f5 Bxg3 23. hxg3 exf5 24. Qf3 Qe5 25. Bxf5 Bxf5 26. Qxf5 Qxf5
27. Rxf5 Rd8 28. Kg1 Kg7 29. Re5 Kf6 30. Rh5 Kg6 31. Re5 Rd7 32. Kf2 d4 33. Ke2
d3+ 34. Kd2 Kf7 35. Rh5 Rd6 36. Rc5 Ke6 37. Rh5 Kd7 38. Rf5 Ke7 39. Rc5 Kd7 40.
Rf5 Ke7 41. Rc5 1/2-1/2

[Event "Oberliga Ost A 2016 2017"]
[Site "Germany"]
[Date "2017.01.15"]
[Round "5.1"]
[White "Schuetze, Norman"]
[Black "Vogel, Roven"]
[Result "0-1"]
[WhiteElo "2322"]
[BlackElo "2426"]
[PlyCount "188"]
[EventDate "2016.10.16"]
[EventType "team-tourn"]
[EventCountry "GER"]
[WhiteTeam "Loeberitz SG"]
[BlackTeam "Dresden USV TU II"]
[WhiteTeamCountry "GER"]
[BlackTeamCountry "GER"]

1. e4 e5 2. Nf3 Nc6 3. Bc4 Bc5 4. c3 Nf6 5. d3 O-O 6. O-O d6 7. a4 a6 8. a5 Ba7
9. h3 Ne7 10. Re1 Ng6 11. Nbd2 Nh5 12. Nf1 Nhf4 13. Be3 Qf6 14. d4 Re8 15. Ng3
h6 16. Kh2 Bd7 17. dxe5 Nxe5 18. Nxe5 Rxe5 19. Bd4 Qh4 20. Qf3 Rg5 21. Bxa7
Rxa7 22. Bf1 Ng6 23. Nf5 Rxf5 24. exf5 Ne5 25. Qg3 Qf6 26. f4 Nc6 27. Bd3 Ra8
28. Qf3 Bxf5 29. Bxf5 Qxf5 30. Qe4 Qf6 31. Qe3 Qf5 32. Qe4 Qf6 33. Qe3 Qf5 34.
b4 Rd8 35. Rad1 d5 36. Qf3 g6 37. Rd2 d4 38. Qe4 Qb5 39. Qe2 Qf5 40. Qe4 Qb5
41. Qe2 Qf5 42. Qf2 Rd6 43. cxd4 Nxb4 44. Re5 Qd7 45. Qe3 Nc6 46. Re8+ Kg7 47.
d5 Rxd5 48. Qc3+ Nd4 49. Rde2 Qc6 50. Qb2 Qf6 51. g3 Rb5 52. Qa3 c5 53. R2e5
Qc6 54. Re4 Rb1 55. Qe3 Rb2+ 56. Kg1 Qa4 57. Qd3 Rb3 58. Rxd4 Qxd4+ 59. Qxd4+
cxd4 60. Kf2 Kf6 61. Rd8 Rb5 62. Rb8 Kf5 63. Ke2 Rb3 64. Rf8 Ke6 65. Re8+ Kd7
66. Rf8 Ke7 67. Rb8 Rxg3 68. Rxb7+ Kf8 69. Rb6 Rxh3 70. Rxa6 Ra3 71. f5 Kg7 72.
f6+ Kh7 73. Ra7 g5 74. Rxf7+ Kg6 75. Ra7 Kxf6 76. a6 Kf5 77. Rf7+ Kg4 78. a7 h5
79. Rd7 d3+ 80. Ke3 h4 81. Rxd3 Rxa7 82. Kf2 Ra2+ 83. Kg1 h3 84. Rd8 Kh4 85.
Rb8 g4 86. Rb3 Re2 87. Ra3 g3 88. Ra4+ Kg5 89. Ra1 Kf4 90. Rf1+ Ke3 91. Rd1 Rc2
92. Kh1 Ke2 93. Rg1 Rc3 94. Ra1 Rd3 0-1

[Event "Oberliga Ost A 2016 2017"]
[Site "Germany"]
[Date "2017.01.15"]
[Round "5.2"]
[White "Moehn, Hans"]
[Black "Schindler, Christian"]
[Result "1-0"]
[WhiteElo "2413"]
[BlackElo "2251"]
[PlyCount "65"]
[EventDate "2016.10.16"]
[EventType "team-tourn"]
[EventCountry "GER"]
[WhiteTeam "Dresden USV TU II"]
[BlackTeam "Loeberitz SG"]
[WhiteTeamCountry "GER"]
[BlackTeamCountry "GER"]

1. Nf3 Nf6 2. c4 e6 3. g3 b6 4. Bg2 Bb7 5. O-O Be7 6. b3 O-O 7. Bb2 d5 8. e3 c5
9. d3 dxc4 10. bxc4 Nc6 11. Qe2 Qc7 12. Ne1 Na5 13. Bxb7 Qxb7 14. Nd2 Nc6 15.
f4 Rfd8 16. g4 b5 17. Rb1 Qd7 18. g5 Ne8 19. cxb5 Nb4 20. d4 Nxa2 21. Nef3 Rab8
22. Ba1 Nb4 23. Ne4 Qxb5 24. Qxb5 Rxb5 25. dxc5 a5 26. Rfc1 Rbb8 27. Bd4 f5 28.
gxf6 Nxf6 29. Neg5 Nd3 30. Rxb8 Rxb8 31. Rc3 Rb1+ 32. Kg2 Nb4 33. c6 1-0

[Event "Oberliga Ost A 2016 2017"]
[Site "Germany"]
[Date "2017.01.15"]
[Round "5.3"]
[White "Proehl, Holger"]
[Black "Neef, Maximilian"]
[Result "0-1"]
[WhiteElo "2360"]
[BlackElo "2441"]
[PlyCount "138"]
[EventDate "2016.10.16"]
[EventType "team-tourn"]
[EventCountry "GER"]
[WhiteTeam "Loeberitz SG"]
[BlackTeam "Dresden USV TU II"]
[WhiteTeamCountry "GER"]
[BlackTeamCountry "GER"]

1. e4 e6 2. d4 d5 3. Nd2 c5 4. exd5 exd5 5. Bb5+ Bd7 6. Qe2+ Be7 7. dxc5 Nf6 8.
Ngf3 O-O 9. O-O Bxc5 10. Nb3 Re8 11. Qd3 Bb6 12. Bxd7 Nbxd7 13. c3 Qe7 14. Bd2
Qe4 15. Qxe4 dxe4 16. Nfd4 Ne5 17. Nc2 Nc4 18. Bc1 Nd5 19. Nbd4 Rad8 20. Ne3
Ndxe3 21. fxe3 g6 22. a4 a6 23. b3 Ne5 24. Bd2 f5 25. h3 Rd7 26. Kf2 Rc8 27.
Ke2 h5 28. Ra2 Kh7 29. Raa1 Kh6 30. Ra2 Ba5 31. b4 Bb6 32. a5 Bd8 33. Raa1 h4
34. Ra2 Bf6 35. Raa1 Nc4 36. Bc1 Rd5 37. Ra2 Nd6 38. Bd2 g5 39. Be1 Kg6 40. Bd2
Rc4 41. Be1 Bxd4 42. cxd4 Nb5 43. Rb2 Rd8 44. Bd2 Rdc8 45. Rfb1 Kf6 46. Kd1 Ke6
47. Rc1 Kd5 48. Rxc4 Rxc4 49. Be1 Ke6 50. Kd2 Nc7 51. Ke2 Kd7 52. Bd2 Rc6 53.
Rb1 Ke6 54. Rb2 Nb5 55. Kd1 Nd6 56. Rb1 Kd5 57. Rb3 Rc4 58. Rb2 Rc6 59. Rb3 Kc4
60. Rc3+ Kb5 61. Rb3 Ne8 62. Rb1 Nc7 63. Ke2 Nd5 64. Rf1 f4 65. exf4 gxf4 66.
Bxf4 Rc2+ 67. Ke1 Rxg2 68. Bd6 Kc4 69. Rf7 Kd3 0-1

[Event "Oberliga Ost A 2016 2017"]
[Site "Germany"]
[Date "2017.01.15"]
[Round "5.4"]
[White "Wegener, Dirk"]
[Black "Pallas, Sebastian"]
[Result "1-0"]
[WhiteElo "2349"]
[BlackElo "2225"]
[PlyCount "47"]
[EventDate "2016.10.16"]
[EventType "team-tourn"]
[EventCountry "GER"]
[WhiteTeam "Dresden USV TU II"]
[BlackTeam "Loeberitz SG"]
[WhiteTeamCountry "GER"]
[BlackTeamCountry "GER"]

1. e4 c5 2. Nf3 d6 3. d4 cxd4 4. Nxd4 Nf6 5. Nc3 a6 6. Bg5 e6 7. f4 Be7 8. Qf3
Qc7 9. O-O-O Nbd7 10. g4 h6 11. h4 Nc5 12. Bxf6 Bxf6 13. g5 Be7 14. Rg1 hxg5
15. hxg5 Bd7 16. g6 Bf6 17. gxf7+ Kxf7 18. f5 b5 19. fxe6+ Bxe6 20. Nxe6 Nxe6
21. Nd5 Qd8 22. e5 dxe5 23. Nxf6 Qxf6 24. Qb7+ 1-0

[Event "Oberliga Ost A 2016 2017"]
[Site "Germany"]
[Date "2017.01.15"]
[Round "5.5"]
[White "Niegsch, Nicolas"]
[Black "Gungl, Theo"]
[Result "1-0"]
[WhiteElo "2191"]
[BlackElo "2326"]
[PlyCount "71"]
[EventDate "2016.10.16"]
[EventType "team-tourn"]
[EventCountry "GER"]
[WhiteTeam "Loeberitz SG"]
[BlackTeam "Dresden USV TU II"]
[WhiteTeamCountry "GER"]
[BlackTeamCountry "GER"]

1. e4 c5 2. Nf3 d6 3. d4 cxd4 4. Nxd4 Nf6 5. Nc3 a6 6. Bc4 e6 7. Bb3 b5 8. O-O
Nbd7 9. Re1 Qc7 10. a4 b4 11. Nd5 exd5 12. exd5+ Ne5 13. f4 Bd7 14. Nc6 Bxc6
15. dxc6 Be7 16. fxe5 dxe5 17. Qe2 O-O 18. Qc4 e4 19. g3 Ng4 20. Kg2 Qb6 21.
Re2 Bc5 22. Qxe4 Nf6 23. Qf3 Rac8 24. Bg5 Rxc6 25. a5 Qc7 26. Rf1 Bd4 27. Bf4
Qc8 28. Be5 Bxe5 29. Rxe5 Rc5 30. Rfe1 Rxe5 31. Rxe5 Rd8 32. Re7 Rd2+ 33. Kf1
Rxh2 34. Rxf7 Kh8 35. Rxf6 Qh3+ 36. Kg1 1-0

[Event "Oberliga Ost A 2016 2017"]
[Site "Germany"]
[Date "2017.01.15"]
[Round "5.6"]
[White "Salzmann, Peter"]
[Black "Schuster, Martin"]
[Result "1-0"]
[WhiteElo "2136"]
[BlackElo "2223"]
[PlyCount "77"]
[EventDate "2016.10.16"]
[EventType "team-tourn"]
[EventCountry "GER"]
[WhiteTeam "Dresden USV TU II"]
[BlackTeam "Loeberitz SG"]
[WhiteTeamCountry "GER"]
[BlackTeamCountry "GER"]

1. c4 e6 2. g3 Nf6 3. Bg2 d5 4. d3 Be7 5. Nc3 O-O 6. Bd2 c6 7. Nf3 Nbd7 8. O-O
Re8 9. Rc1 Bd6 10. e4 Ne5 11. Bg5 dxc4 12. Nxe5 Bxe5 13. dxc4 h6 14. Be3 Qa5
15. Qe2 Rd8 16. Rfd1 Rxd1+ 17. Rxd1 Bxc3 18. bxc3 e5 19. Qb2 Be6 20. Qxb7 Rd8
21. Rxd8+ Qxd8 22. h3 Bxc4 23. Qxa7 Kh7 24. a4 Qd3 25. Qc5 Nxe4 26. Qxe5 Nxc3
27. Kh2 Bd5 28. Bxd5 Nxd5 29. Qd4 Qc2 30. a5 Qa2 31. Qd3+ g6 32. Qd2 Qc4 33.
Bxh6 Qf1 34. Bf8 Kg8 35. Bc5 Kg7 36. Qb2+ f6 37. Qb7+ Kh6 38. Qxc6 Qd1 39. a6
1-0

[Event "Oberliga Ost A 2016 2017"]
[Site "Germany"]
[Date "2017.01.15"]
[Round "5.7"]
[White "Kalkhof, Stefan"]
[Black "Ledfuss, Guntram"]
[Result "1-0"]
[WhiteElo "2195"]
[BlackElo "2064"]
[PlyCount "103"]
[EventDate "2016.10.16"]
[EventType "team-tourn"]
[EventCountry "GER"]
[WhiteTeam "Loeberitz SG"]
[BlackTeam "Dresden USV TU II"]
[WhiteTeamCountry "GER"]
[BlackTeamCountry "GER"]

1. Nf3 Nf6 2. d4 g6 3. c4 Bg7 4. Nc3 O-O 5. e4 d6 6. Be2 e5 7. Bg5 h6 8. Bxf6
Qxf6 9. dxe5 dxe5 10. O-O Nc6 11. h3 Nd4 12. Nd5 Qd8 13. Nxd4 exd4 14. Qc2 a5
15. Nf4 Qg5 16. g3 Re8 17. Bf3 Be5 18. Nd5 Bxh3 19. Bg2 Bxg2 20. Kxg2 Qd8 21.
f4 Bg7 22. f5 c6 23. fxg6 fxg6 24. Nf4 Qg5 25. Rae1 Be5 26. Qb3 Re7 27. c5+ Kh7
28. Rf3 Rd8 29. Ref1 Rdd7 30. Ne6 Qg4 31. Nf8+ Kg7 32. Nxd7 Qxd7 33. Rf8 h5 34.
R1f7+ Kh6 35. Rf3 Qg4 36. R8f7 Rxf7 37. Qxf7 Qxe4 38. Qf8+ Bg7 39. Qf4+ Qxf4
40. gxf4 Bf8 41. Rb3 Bxc5 42. Rxb7 Bf8 43. Kf3 c5 44. b3 h4 45. Rd7 g5 46. Rf7
Bg7 47. fxg5+ Kg6 48. Rc7 Bf8 49. Kg4 h3 50. Rc6+ Kf7 51. Kxh3 d3 52. Rf6+ 1-0

[Event "Oberliga Ost A 2016 2017"]
[Site "Germany"]
[Date "2017.01.15"]
[Round "5.8"]
[White "Ader, Gunter"]
[Black "Stein, Robert"]
[Result "0-1"]
[WhiteElo "2023"]
[BlackElo "2130"]
[PlyCount "98"]
[EventDate "2016.10.16"]
[EventType "team-tourn"]
[EventCountry "GER"]
[WhiteTeam "Dresden USV TU II"]
[BlackTeam "Loeberitz SG"]
[WhiteTeamCountry "GER"]
[BlackTeamCountry "GER"]

1. e4 c5 2. Nf3 d6 3. d4 cxd4 4. Nxd4 Nf6 5. Nc3 a6 6. Be2 e5 7. Nb3 Be7 8. O-O
Be6 9. Be3 O-O 10. Bf3 Nbd7 11. Nd5 Nxd5 12. exd5 Bf5 13. c4 a5 14. a4 Bg6 15.
Be2 Bg5 16. Bxg5 Qxg5 17. Qc1 Qd8 18. Qe3 Bc2 19. Nc1 Nc5 20. Bd1 Bg6 21. Kh1
Qb6 22. Nb3 Nd7 23. Qh3 f5 24. Qc3 Rfc8 25. Rc1 Nf6 26. Qe3 Qb4 27. Nd2 Nxd5
28. Qe2 Nf4 29. Qe3 Ne6 30. Nf3 Qxb2 31. Rc2 Qb4 32. Rd2 Ra6 33. Ng5 Nxg5 34.
Qxg5 Re8 35. Bc2 Kh8 36. Rb1 Qc5 37. Rxb7 Qxc4 38. Rb1 Rb6 39. Rbd1 Rb2 40. Bd3
Rxd2 41. Qxd2 Qxa4 42. Rb1 Qd4 43. Qc2 e4 44. Bb5 Rf8 45. Rd1 Qf6 46. Qd2 Rd8
47. Qxa5 d5 48. Rc1 d4 49. f4 d3 0-1